000 00292nam a22001337a 4500
008 170922b xxu||||| |||| 00| 0 eng d
020 _a9781935543176
041 _aeng
080 _a37
100 _a46
101 _aEDU
245 _aTHE CONNECTED EDUCATOR
_cBEACH, SH.N
942 _2udc
_cBK
999 _c29123
_d29123